[Event "Hebraica Xeque Mate op 1st"]
[Site "Hebraica"]
[Date "2016.06.11"]
[Round "1"]
[White "Machado Santos, Ronaldo Jose"]
[Black "Silvestre, Gilmar Severino"]
[Result "0-1"]
[WhiteElo "1838"]
[BlackElo "1653"]
[PlyCount "50"]
[EventDate "2016.06.11"]
[EventType "swiss"]
[EventRounds "5"]
[EventCountry "BRA"]
[SourceTitle "CBM 173 Extra"]
[Source "ChessBase"]
[SourceDate "2016.08.29"]
[SourceVersion "1"]
[SourceVersionDate "2016.08.29"]
[SourceQuality "1"]

1. d4 Nf6 2. Nf3 e6 3. c4 d5 4. Nc3 Be7 5. Qc2 c6 6. Bg5 Nbd7 7. e3 dxc4 8. Bxc4 b5 9. Be2 Bb7 10. 0-0 0-0 11. Rfd1 a6 12. Ne5 Rc8 13. Bf3 Nxe5 14. dxe5 Nd7 15. Bf4 Qc7 16. Be4 h6 17. a4 b4 18. Na2 Nxe5 19. Bh7+ Kh8 20. Qe4 Bf6 21. Qc2 b3 22. Qc5 bxa2 23. Bc2 Rfd8 24. Rdc1 Rd5 25. Qa7 Ra8 0-1